00524nam a22002057a 450000500170000001000130001702000110003003500130004103700160005404000120007008200160008210000160009824500550011424600060016926000460017527000410022130000260026265000160028865000140030420170124110159.0 aA-292063 c100.00 aA-292063 bCen Lib/Ret aDPLbEN a181.45bNAG aNag, Anita  aSix systems of vedanta philosophy /cby Anita Nag  b  bSanskrit Pustak Bhandar aCalcutta c1986 bCalcutta a38, bidhan saranie700006 aviii, 112p.c19cm(Hb) aPhilosophy  aVedaanta